| 000 | 01108nam a2200337 i 4500 | ||
|---|---|---|---|
| 001 | 000039883 | ||
| 003 | DO-SdBNP | ||
| 005 | 20250807142421.0 | ||
| 007 | ta | ||
| 008 | 130726s2013 dr 000 0 spa d | ||
| 020 | _a9789945165487 | ||
| 040 |
_aDO-SdBNP _bspa _cBNPHU _erda |
||
| 041 | _aspa | ||
| 082 | 4 |
_a617 _bP515a _222 |
|
| 100 | 1 |
_aPeynado C., Héctor R., _eautor _4aut. _966093 |
|
| 245 | 1 | 0 |
_aApuntes de cirugía general / _cHéctor R. Peynado C. |
| 250 | _aTercera edición | ||
| 260 | 1 |
_aSanto Domingo : _bEditora Búho, _c2013. |
|
| 300 |
_a565 páginas ; _c24 cm. |
||
| 336 |
_atexto _btxt _2rdacontent |
||
| 337 |
_asin mediación _bn _2rdamedia |
||
| 338 |
_avolumen _bnc _2rdacarrier |
||
| 500 | _aIncluye datos biográficos del autor en la solapa de la cubierta | ||
| 500 | _aLa biblioteca posee la reimpresión de la tercera edición del 2015. | ||
| 504 | _aBibliografía : páginas 563 | ||
| 590 | _aInventariado, 2018 / BT | ||
| 650 | 4 |
_aMedicina _912481 _xCirugía |
|
| 650 | 4 |
_aCirugía _976844 _xGeneral |
|
| 910 | _aValidado. Control de calidad/MAA | ||
| 942 |
_2ddc _cLBS1 |
||
| 999 |
_c39373 _d39373 |
||